[Event "British Columbia-Washington"]
[Site "Victoria"]
[Date "2020.01.18"]
[Round "3.5"]
[White "Huang, Patrick"]
[Black "Seshadri, Sridhar"]
[Result "1-0"]
[WhiteElo "1924"]
[BlackElo "1580"]
[PlyCount "73"]
[EventDate "2020.01.17"]
[EventType "team-match"]
[EventRounds "5"]
[EventCountry "CAN"]
[SourceTitle "EXT 2023"]
[Source "ChessBase"]
[SourceDate "2022.10.05"]
[SourceVersion "1"]
[SourceVersionDate "2022.10.05"]
[SourceQuality "1"]
[WhiteTeam "British Columbia"]
[BlackTeam "Washington"]
[WhiteTeamCountry "CAN"]
[BlackTeamCountry "USA"]

1. d4 Nf6 2. Bf4 d5 3. e3 e6 4. Nf3 h6 5. Ne5 Be7 6. Nd2 0-0 7. c3 c5 8. Bd3 cxd4 9. exd4 Nc6 10. Qf3 Nxe5 11. dxe5 Nh7 12. h4 Bd7 13. Nb3 Bc6 14. Nd4 Qb6 15. Qg3 Kh8 16. 0-0-0 Ba4 17. Rde1 Rac8 18. Be3 Bc5 19. Kb1 a6 20. Nc2 Bxc2+ 21. Bxc2 d4 22. Bxd4 Bxd4 23. Qd3 g6 24. cxd4 Rxc2 25. Qxc2 Qxd4 26. Re4 Qd5 27. Rd1 Qb5 28. Qc4 Qb6 29. Qd4 Qc6 30. Rc1 Qb5 31. Qc4 Qd7 32. Rd4 Qe8 33. Rcd1 Kg7 34. Rd7 b5 35. Qc7 Qa8 36. f3 Qc8 37. Rxf7+ 1-0

[Event "Wch U14"]
[Site "Mumbai"]
[Date "2019.10.05"]
[Round "5"]
[White "Huang, Patrick"]
[Black "Tsvetkov, Andrey1111"]
[Result "0-1"]
[WhiteElo "2120"]
[BlackElo "2382"]
[PlyCount "94"]
[EventDate "2019.10.02"]
[EventType "swiss"]
[EventRounds "11"]
[EventCountry "IND"]
[SourceTitle "EXT 2020"]
[Source "ChessBase"]
[SourceDate "2019.10.17"]
[SourceVersion "1"]
[SourceVersionDate "2019.10.17"]
[SourceQuality "1"]

1. d4 Nf6 2. Bf4 d5 3. e3 e6 4. Nf3 Bd6 5. Bg3 0-0 6. Nbd2 c5 7. c3 Qc7 8. Bd3 Nbd7 9. Qc2 b6 10. e4 cxd4 11. Nxd4 Bxg3 12. hxg3 h6 13. exd5 Nxd5 14. Ne4 Nc5 15. 0-0-0 Nxe4 16. Bxe4 Bb7 17. Bxd5 Bxd5 18. Rh2 Rad8 19. Rdh1 Qe5 20. Qd2 Bxa2 21. Rh5 Qe4 22. Qc2 Qxc2+ 23. Kxc2 Bd5 24. f3 f6 25. Re1 e5 26. Nf5 Rd7 27. f4 Bf7 28. Rhh1 Bg6 29. g4 exf4 30. Rhf1 Rfd8 31. Re2 h5 32. Kc1 hxg4 33. Ne7+ Kf7 34. Nxg6 Kxg6 35. Rxf4 Kg5 36. Ref2 Rd1+ 37. Kc2 R1d2+ 38. Kb3 g3 39. R2f3 Rxg2 40. Rf5+ Kg6 41. R5f4 Rdd2 42. Rg4+ Kf7 43. Rfxg3 Rxb2+ 44. Ka4 Rxg3 45. Rxg3 g5 46. c4 a5 47. c5 Rb4+ 0-1

[Event "Canadian op"]
[Site "Regina"]
[Date "2019.07.18"]
[Round "9"]
[White "Huang, Patrick"]
[Black "Yao, Sammy"]
[Result "1-0"]
[WhiteElo "2055"]
[BlackElo "1986"]
[PlyCount "117"]
[EventDate "2019.07.12"]
[EventType "swiss"]
[EventRounds "9"]
[EventCountry "CAN"]
[SourceTitle "EXT 2020"]
[Source "ChessBase"]
[SourceDate "2019.10.17"]
[SourceVersion "1"]
[SourceVersionDate "2019.10.17"]
[SourceQuality "1"]

1. d4 f5 2. Bf4 Nf6 3. e3 d6 4. Nf3 g6 5. h3 Bg7 6. Nbd2 0-0 7. Bd3 Nc6 8. c3 Qe8 9. Bh2 e5 10. dxe5 dxe5 11. Bb5 Nh5 12. Nc4 f4 13. 0-0 a6 14. Bxc6 bxc6 15. exf4 exf4 16. Re1 Qf7 17. Qe2 Bf5 18. Nce5 Qd5 19. Rad1 Qxa2 20. Nxc6 Kh8 21. Qe7 Qxb2 22. Ng5 Qxc3 23. Nd8 Kg8 24. Nge6 Bxe6 25. Qxe6+ Kh8 26. Nf7+ Rxf7 27. Qxf7 Rf8 28. Re8 Qc5 29. Rxf8+ Qxf8 30. Qxc7 Qb4 31. Qf7 Bf6 32. Kh1 Qe7 33. Qc4 Kg7 34. Bxf4 Nxf4 35. Qxf4 a5 36. Qa4 Qe5 37. Qd7+ Kh6 38. Qd5 Qc3 39. Qd2+ Qxd2 40. Rxd2 Bc3 41. Rd7 g5 42. g3 Kg6 43. Kg2 h5 44. Kf3 Kf5 45. Rf7+ Kg6 46. Ra7 Kf5 47. g4+ hxg4+ 48. hxg4+ Ke5 49. Rd7 Bb2 50. Rb7 Bc3 51. Rb5+ Kf6 52. Rf5+ Kg6 53. Rc5 Bb4 54. Rc6+ Kf7 55. Ke4 Be1 56. f3 Bb4 57. Kf5 Bd2 58. Rc2 Be3 59. Ra2 1-0

[Event "Richmond Keres Memorial 44th"]
[Site "Richmond"]
[Date "2019.05.20"]
[Round "6"]
[White "Huang, Patrick"]
[Black "Sadoughian Zadeh, Farshad"]
[Result "1-0"]
[WhiteElo "2197"]
[BlackElo "2110"]
[PlyCount "63"]
[EventDate "2019.05.18"]
[EventType "swiss"]
[EventRounds "6"]
[EventCountry "CAN"]
[SourceTitle "CBM 190 Extra"]
[Source "ChessBase"]
[SourceDate "2019.07.15"]
[SourceVersion "1"]
[SourceVersionDate "2019.07.15"]
[SourceQuality "1"]

1. d4 Nf6 2. Bf4 g6 3. Nc3 d5 4. e3 Bg7 5. h4 h5 6. Nf3 0-0 7. Be2 c6 8. Nh2 Nbd7 9. g4 e5 10. dxe5 Nxg4 11. Bxg4 hxg4 12. Nxg4 f6 13. e6 Ne5 14. Nxe5 fxe5 15. Bg5 Bf6 16. Bh6 Bxe6 17. h5 g5 18. Bxf8 Qxf8 19. Qe2 e4 20. 0-0-0 Qb4 21. Rdg1 Kh8 22. Qd2 Rd8 23. a3 Qc4 24. h6 Kh7 25. Qe2 Qc5 26. f4 Bxc3 27. fxg5 d4 28. g6+ Kh8 29. g7+ Kh7 30. Qg2 Qf5 31. g8Q+ Rxg8 32. Qg7+ 1-0

[Event "Victoria op"]
[Site "Victoria"]
[Date "2019.04.21"]
[Round "6"]
[White "Huang, Patrick"]
[Black "Kaufman, Raymond"]
[Result "1-0"]
[WhiteElo "2046"]
[BlackElo "2362"]
[PlyCount "75"]
[EventDate "2019.04.19"]
[EventType "swiss"]
[EventRounds "6"]
[EventCountry "CAN"]
[SourceTitle "CBM 190 Extra"]
[Source "ChessBase"]
[SourceDate "2019.07.15"]
[SourceVersion "1"]
[SourceVersionDate "2019.07.15"]
[SourceQuality "1"]

1. d4 Nf6 2. Bf4 g6 3. Nc3 d5 4. e3 Bg7 5. h4 c5 6. Nb5 Na6 7. a4 h6 8. Nf3 Bg4 9. Be2 Bxf3 10. Bxf3 cxd4 11. exd4 Ne4 12. c3 0-0 13. Qe2 f5 14. Qe3 Kh7 15. g4 e6 16. g5 h5 17. Bg2 Re8 18. f3 e5 19. Bxe5 Qb6 20. fxe4 Bxe5 21. Qf2 Bd6 22. e5 Rad8 23. 0-0 Bf8 24. Rae1 Nb8 25. Qg3 Nc6 26. e6 Re7 27. Rf2 a6 28. Na3 Qa5 29. Bh3 Qxa4 30. Qd3 Qa5 31. Bxf5 gxf5 32. Rxf5 Kg8 33. Rf7 Rxf7 34. exf7+ Kg7 35. Re6 Ne7 36. Qf3 Kh8 37. Qxh5+ Kg7 38. g6 1-0

[Event "Victoria op"]
[Site "Victoria"]
[Date "2019.01.19"]
[Round "3.7"]
[White "Huang, Patrick"]
[Black "Jones, Cliff"]
[Result "1-0"]
[WhiteElo "2054"]
[BlackElo "1497"]
[PlyCount "69"]
[EventDate "2019.01.18"]
[EventType "swiss"]
[EventRounds "5"]
[EventCountry "CAN"]
[SourceTitle "EXT 2022"]
[Source "ChessBase"]
[SourceDate "2021.10.06"]
[SourceVersion "1"]
[SourceVersionDate "2021.10.06"]
[SourceQuality "1"]

1. d4 g6 2. Bf4 Bg7 3. e3 d6 4. Nf3 Bg4 5. Be2 c6 6. Nbd2 Nd7 7. c3 e5 8. dxe5 dxe5 9. Bg3 Ne7 10. Nc4 0-0 11. Nfxe5 Bxe2 12. Qxe2 Nxe5 13. Bxe5 Bxe5 14. Nxe5 Qc7 15. Nf3 Rad8 16. 0-0 Rd7 17. Rfd1 Rfd8 18. Kf1 Kg7 19. Ke1 Nd5 20. g3 Nf6 21. Rxd7 Rxd7 22. Rd1 Qd8 23. Ne5 Rxd1+ 24. Qxd1 Qxd1+ 25. Kxd1 Ne4 26. Ke2 Nc5 27. Nd3 Na4 28. Kd2 Kf6 29. b3 Nb6 30. Nc5 Ke5 31. Kd3 f5 32. Nxb7 g5 33. Nd8 c5 34. Nc6+ Kd6 35. Nxa7 1-0

[Event "British Columbia-ch U20"]
[Site "Vancouver"]
[Date "2018.11.10"]
[Round "2.5"]
[White "Yang, Brian"]
[Black "Huang, Patrick"]
[Result "1-0"]
[WhiteElo "1775"]
[BlackElo "2099"]
[PlyCount "67"]
[EventDate "2018.11.10"]
[EventType "swiss"]
[EventRounds "5"]
[EventCountry "CAN"]
[SourceTitle "EXT 2022"]
[Source "ChessBase"]
[SourceDate "2021.10.06"]
[SourceVersion "1"]
[SourceVersionDate "2021.10.06"]
[SourceQuality "1"]

1. e4 g6 2. d4 Bg7 3. Nc3 d6 4. Be3 Nf6 5. Qd2 c6 6. Bh6 0-0 7. h4 e5 8. Bxg7 Kxg7 9. 0-0-0 Nbd7 10. Be2 b5 11. g4 b4 12. g5 bxc3 13. gxf6+ Nxf6 14. Qxc3 Nxe4 15. Qe3 d5 16. dxe5 f5 17. Nh3 Qxh4 18. Rd4 f4 19. Qa3 f3 20. Bxf3 Bxh3 21. Bxe4 Qg5+ 22. Kb1 Qxe5 23. Qxh3 h5 24. Rg1 dxe4 25. Qd7+ Kh6 26. Qxc6 Qf5 27. Rd6 Rg8 28. Rf6 Rac8 29. Qa6 Qg5 30. Rxg5 Kxg5 31. Qd6 h4 32. Rf4 Rc6 33. Qe5+ Kh6 34. Rxh4# 1-0

[Event "Victoria Taylor Memorial"]
[Site "Victoria"]
[Date "2018.10.27"]
[Round "2"]
[White "Huang, Patrick"]
[Black "Kaufman, Raymond"]
[Result "1-0"]
[WhiteElo "2039"]
[BlackElo "2342"]
[PlyCount "97"]
[EventDate "2018.10.26"]
[EventType "swiss"]
[EventRounds "5"]
[EventCountry "CAN"]
[SourceTitle "EXT 2022"]
[Source "ChessBase"]
[SourceDate "2021.10.06"]
[SourceVersion "1"]
[SourceVersionDate "2021.10.06"]
[SourceQuality "1"]

1. d4 d5 2. Bf4 c5 3. e3 Nc6 4. c3 Nf6 5. Nd2 e6 6. Bd3 Bd6 7. Bg3 0-0 8. Ngf3 b6 9. e4 Bxg3 10. hxg3 h6 11. e5 Ng4 12. Rh4 f5 13. exf6 Nxf6 14. Ne5 Nxe5 15. dxe5 Nd7 16. f4 Nxe5 17. fxe5 Qg5 18. Rg4 Qxe5+ 19. Qe2 Qxe2+ 20. Kxe2 e5 21. Rh4 e4 22. Bc2 Ba6+ 23. Ke3 Rad8 24. Nb3 Bf1 25. Rh2 Bc4 26. Rd1 a5 27. Rh5 Rd6 28. Nc1 Rdf6 29. Bb3 Bxb3 30. Nxb3 Rg6 31. Rh3 Rg5 32. Nc1 Kf7 33. Ne2 Rd8 34. Nf4 Re5 35. g4 Rg5 36. Rh4 b5 37. b3 Kf6 38. c4 bxc4 39. bxc4 d4+ 40. Kxe4 Re5+ 41. Kf3 Re3+ 42. Kf2 Ra3 43. Rd2 Rf8 44. Rh3 Rc3 45. Rf3 Rxf3+ 46. gxf3 g6 47. Re2 Rb8 48. Nd3 Rc8 49. Re5 1-0

[Event "Victoria Taylor Memorial"]
[Site "Victoria"]
[Date "2018.10.27"]
[Round "3"]
[White "Moore, Harry"]
[Black "Huang, Patrick"]
[Result "1-0"]
[WhiteElo "2164"]
[BlackElo "2039"]
[PlyCount "83"]
[EventDate "2018.10.26"]
[EventType "swiss"]
[EventRounds "5"]
[EventCountry "CAN"]
[SourceTitle "EXT 2022"]
[Source "ChessBase"]
[SourceDate "2021.10.06"]
[SourceVersion "1"]
[SourceVersionDate "2021.10.06"]
[SourceQuality "1"]

1. d4 g6 2. c4 Bg7 3. e4 Nc6 4. Nf3 e5 5. dxe5 Nxe5 6. Nxe5 Bxe5 7. Bd3 d6 8. Nd2 Ne7 9. Nf3 Bg7 10. 0-0 0-0 11. Rb1 Bg4 12. Bg5 h6 13. Be3 Nc6 14. Be2 f5 15. exf5 gxf5 16. Bf4 Qe7 17. c5 dxc5 18. Re1 Qf7 19. Qa4 Bxf3 20. Bxf3 Nd4 21. Bxb7 Rab8 22. Qxa7 Qc4 23. Bxc7 Rbe8 24. Bd6 Nb5 25. Qxc5 Qh4 26. Rxe8 Nxd6 27. Rxf8+ Bxf8 28. Bd5+ Kh8 29. Re1 Be7 30. Qc7 Bf8 31. Qd7 Qg5 32. Qe6 h5 33. h4 Qg4 34. Qf6+ Kh7 35. Re7+ Bxe7 36. Qxe7+ Kh8 37. Qxd6 f4 38. Qf6+ Kh7 39. Be4+ Qg6 40. Qf7+ Kh8 41. Qxg6 f3 42. Qh7# 1-0

[Event "British Columbia op"]
[Site "Richmond"]
[Date "2018.02.12"]
[Round "6.5"]
[White "Doknjas, John"]
[Black "Huang, Patrick"]
[Result "1-0"]
[WhiteElo "2296"]
[BlackElo "2057"]
[PlyCount "121"]
[EventDate "2018.02.10"]
[EventType "swiss"]
[EventRounds "6"]
[EventCountry "CAN"]
[SourceTitle "EXT 2022"]
[Source "ChessBase"]
[SourceDate "2021.10.06"]
[SourceVersion "1"]
[SourceVersionDate "2021.10.06"]
[SourceQuality "1"]

1. Nf3 c5 2. c4 Nc6 3. Nc3 g6 4. e3 Nf6 5. d4 cxd4 6. exd4 d5 7. cxd5 Nxd5 8. Qb3 Nxc3 9. Bc4 e6 10. bxc3 Bg7 11. Ba3 Bf8 12. 0-0 Bxa3 13. Qxa3 Qe7 14. Qc1 Bd7 15. Qf4 0-0 16. Rfe1 Na5 17. Bf1 Rac8 18. Re3 Nc4 19. Bxc4 Rxc4 20. Ne5 Rcc8 21. Rae1 Bc6 22. Ng4 Rfd8 23. Qe5 h5 24. Nf6+ Kf8 25. Nd5 f6 26. Nxe7 fxe5 27. Nxc8 Rxc8 28. Rxe5 Bd5 29. R5e3 Bxa2 30. Ra1 Bc4 31. Rxa7 Ba6 32. Rxe6 Rxc3 33. h4 Rd3 34. Rd6 Rd1+ 35. Kh2 Rd2 36. Kg3 Ke8 37. Rxg6 Rxd4 38. Rg7 Rd3+ 39. f3 Rd8 40. Rh7 Rc8 41. Raxb7 Bxb7 42. Rxb7 Rc5 43. Rg7 Rc6 44. Kf4 Kf8 45. Rg5 Rh6 46. Rf5+ Kg7 47. Kg5 Rh8 48. Ra5 Kf7 49. Ra7+ Ke6 50. Rg7 Ke5 51. g4 hxg4 52. fxg4 Ke6 53. h5 Ra8 54. h6 Ra5+ 55. Kg6 Ke5 56. g5 Kf4 57. Kh7 Kg4 58. g6 Kh5 59. Rb7 Kg5 60. g7 Ra6 61. g8Q+ 1-0

[Event "CAN-ch U12"]
[Site "Sault Ste Marie"]
[Date "2017.07.08"]
[Round "5.54"]
[White "Huang, Patrick"]
[Black "Rusonik, Max"]
[Result "1-0"]
[WhiteElo "2003"]
[BlackElo "1846"]
[PlyCount "83"]
[EventDate "2017.07.06"]
[EventType "swiss"]
[EventRounds "7"]
[EventCountry "CAN"]
[SourceTitle "EXT 2022"]
[Source "ChessBase"]
[SourceDate "2021.10.06"]
[SourceVersion "1"]
[SourceVersionDate "2021.10.06"]
[SourceQuality "1"]

1. e4 e5 2. d4 exd4 3. Nf3 Nc6 4. Bc4 Nf6 5. 0-0 Nxe4 6. Re1 d5 7. Bxd5 Qxd5 8. Nc3 Qa5 9. Nxe4 Be6 10. Neg5 0-0-0 11. Nxe6 fxe6 12. Rxe6 Be7 13. Qe2 Bf6 14. Bd2 Qh5 15. Re1 d3 16. cxd3 Qd5 17. b4 Qxd3 18. b5 Qxe2 19. R6xe2 Nd4 20. Nxd4 Bxd4 21. Bf4 Rhf8 22. g3 Rf7 23. Bg5 Bf6 24. Bxf6 Rxf6 25. Re7 Rd7 26. f4 a6 27. a4 axb5 28. axb5 Rb6 29. Re8+ Rd8 30. R8e7 Rd7 31. Re8+ Rd8 32. R8e7 Rd7 33. R7e5 Rd2 34. f5 g6 35. g4 gxf5 36. gxf5 Rh6 37. Re7 Rhxh2 38. Rg7 Rhe2 39. Rxe2 Rxe2 40. f6 Kd8 41. Rg8+ Re8 42. f7 1-0

[Event "CAN-ch U12"]
[Site "Sault Ste Marie"]
[Date "2017.07.07"]
[Round "4.56"]
[White "Doknjas, Neil"]
[Black "Huang, Patrick"]
[Result "0-1"]
[WhiteElo "1844"]
[BlackElo "2003"]
[PlyCount "88"]
[EventDate "2017.07.06"]
[EventType "swiss"]
[EventRounds "7"]
[EventCountry "CAN"]
[SourceTitle "EXT 2022"]
[Source "ChessBase"]
[SourceDate "2021.10.06"]
[SourceVersion "1"]
[SourceVersionDate "2021.10.06"]
[SourceQuality "1"]

1. e4 c5 2. Nf3 d6 3. d4 cxd4 4. Nxd4 Nf6 5. Nc3 a6 6. f3 e5 7. Nb3 Be6 8. Be3 Be7 9. Qd2 Nbd7 10. g4 b5 11. g5 Nh5 12. Nd5 Bxd5 13. Qxd5 0-0 14. h4 Nb6 15. Qd2 Ng3 16. Rg1 Nxf1 17. Rxf1 Nc4 18. Qc3 Rc8 19. Rf2 b4 20. Qd3 a5 21. 0-0-0 Qc7 22. Kb1 a4 23. Nc1 d5 24. Rg2 d4 25. Bg1 a3 26. b3 Nb2 27. Qd2 Nxd1 28. Qxd1 d3 29. Nxd3 Rfd8 30. Qe2 Rxd3 31. Qxd3 Rd8 32. Rd2 Rxd3 33. Rxd3 f6 34. Be3 fxg5 35. hxg5 Qc8 36. c4 bxc3 37. Kc2 Bb4 38. f4 Qh3 39. fxe5 Qg2+ 40. Kc1 Qb2+ 41. Kd1 c2+ 42. Ke2 c1Q+ 43. Kf3 Qf1+ 44. Kg4 Qbg2+ 0-1

[Event "Richmond Keres Memorial 42nd"]
[Site "Richmond"]
[Date "2017.05.22"]
[Round "5"]
[White "Pechisker, Alfred"]
[Black "Huang, Patrick"]
[Result "1-0"]
[WhiteElo "2262"]
[BlackElo "1927"]
[PlyCount "63"]
[EventDate "2017.05.20"]
[EventType "swiss"]
[EventRounds "6"]
[EventCountry "CAN"]
[SourceTitle "CBM 178 Extra"]
[Source "ChessBase"]
[SourceDate "2017.06.22"]
[SourceVersion "1"]
[SourceVersionDate "2017.06.22"]
[SourceQuality "1"]

1. d4 Nf6 2. c4 c5 3. d5 b5 4. cxb5 a6 5. bxa6 Bxa6 6. Nc3 d6 7. b3 g6 8. Bb2 Bg7 9. Qd2 Nbd7 10. Nf3 Qa5 11. Rd1 0-0 12. g3 Rfb8 13. Bg2 c4 14. Nd4 Ne5 15. 0-0 cxb3 16. axb3 Nfd7 17. Nc6 Qb6 18. Nxb8 Rxb8 19. Ba1 Nc5 20. Na4 Qxb3 21. Nxc5 dxc5 22. Rfe1 Nc4 23. Qg5 Nb2 24. Bxb2 Qxb2 25. Qxe7 Bf6 26. Qxc5 Rc8 27. Qd6 Bc4 28. Rb1 Qc3 29. Rec1 Qd4 30. e3 Qe5 31. Qxe5 Bxe5 32. Bf1 1-0

[Event "Grand Pacific op 11th"]
[Site "Victoria"]
[Date "2017.04.16"]
[Round "4"]
[White "Huang, Patrick"]
[Black "Reeve, Jeff"]
[Result "0-1"]
[WhiteElo "1942"]
[BlackElo "2257"]
[PlyCount "136"]
[EventDate "2017.04.14"]
[EventType "tourn"]
[EventRounds "6"]
[EventCountry "CAN"]
[SourceTitle "CBM 178 Extra"]
[Source "ChessBase"]
[SourceDate "2017.06.22"]
[SourceVersion "1"]
[SourceVersionDate "2017.06.22"]
[SourceQuality "1"]

1. e4 c5 2. Nf3 d6 3. d4 cxd4 4. Nxd4 Nf6 5. Nc3 g6 6. Be2 Bg7 7. 0-0 0-0 8. Bg5 Nc6 9. Nb3 Be6 10. Kh1 Na5 11. f4 Nc4 12. f5 Nxb2 13. Qc1 Bc4 14. e5 Bxe2 15. Nxe2 Ne4 16. f6 exf6 17. exf6 Re8 18. Nc3 Nxg5 19. Qxg5 Rc8 20. Nd5 Re5 21. Qd2 Nc4 22. Qd4 Bf8 23. Rad1 Rxd5 24. Qxd5 Ne3 25. Qxb7 Nxd1 26. Rxd1 Rxc2 27. Qxa7 Qxf6 28. a4 Qe6 29. Nd4 Qg4 30. Rg1 Rc4 31. Rf1 Qf4 32. Nf3 Rxa4 33. Qd7 Ra2 34. h3 Qf6 35. Rb1 Ra1 36. Rxa1 Qxa1+ 37. Kh2 Qf6 38. Qc6 Bh6 39. Qc8+ Kg7 40. h4 Bf4+ 41. g3 Be3 42. Qc6 h6 43. Qe4 Bc5 44. Qd5 Qe6 45. Qd3 Qe3 46. Qxe3 Bxe3 47. Kg2 f5 48. Kf1 Kf6 49. Ke2 Bb6 50. Nh2 d5 51. g4 Bc7 52. g5+ hxg5 53. hxg5+ Kxg5 54. Nf3+ Kf4 55. Nd4 Bb6 56. Ne6+ Kg3 57. Ng5 f4 58. Nf3 Be3 59. Ng5 Kg4 60. Nf3 Kf5 61. Nh4+ Kf6 62. Nf3 g5 63. Nh2 Kf5 64. Nf3 g4 65. Ne1 Ke4 66. Kf1 d4 67. Ke2 f3+ 68. Kf1 d3 0-1

[Event "Grand Pacific op 11th"]
[Site "Victoria"]
[Date "2017.04.16"]
[Round "5"]
[White "Su, Michael"]
[Black "Huang, Patrick"]
[Result "1-0"]
[WhiteElo "1726"]
[BlackElo "1942"]
[PlyCount "55"]
[EventDate "2017.04.14"]
[EventType "tourn"]
[EventRounds "6"]
[EventCountry "CAN"]
[SourceTitle "CBM 178 Extra"]
[Source "ChessBase"]
[SourceDate "2017.06.22"]
[SourceVersion "1"]
[SourceVersionDate "2017.06.22"]
[SourceQuality "1"]

1. d4 Nf6 2. c4 c5 3. d5 b5 4. cxb5 a6 5. bxa6 g6 6. Nc3 Bxa6 7. g3 d6 8. Bg2 Nbd7 9. Nf3 Bg7 10. Rb1 Qc7 11. 0-0 0-0 12. b3 Bb7 13. Bb2 Nb6 14. e4 Rfd8 15. Qc2 e6 16. dxe6 fxe6 17. Rfe1 d5 18. e5 Nfd7 19. Nb5 Qc6 20. a4 c4 21. Nfd4 Qc8 22. Nd6 Qb8 23. Nxe6 cxb3 24. Qxb3 Nc4 25. Nxd8 Na5 26. Bxd5+ Kf8 27. Qf3+ Ke7 28. N8xb7 1-0

[Event "Grand Pacific op 11th"]
[Site "Victoria"]
[Date "2017.04.15"]
[Round "3"]
[White "Raymer, Elliot"]
[Black "Huang, Patrick"]
[Result "0-1"]
[WhiteElo "1809"]
[BlackElo "1942"]
[PlyCount "114"]
[EventDate "2017.04.14"]
[EventType "tourn"]
[EventRounds "6"]
[EventCountry "CAN"]
[SourceTitle "CBM 178 Extra"]
[Source "ChessBase"]
[SourceDate "2017.06.22"]
[SourceVersion "1"]
[SourceVersionDate "2017.06.22"]
[SourceQuality "1"]

1. e4 c5 2. d4 cxd4 3. c3 dxc3 4. Nxc3 Nc6 5. Nf3 d6 6. Bc4 a6 7. 0-0 Bg4 8. Bxf7+ Kxf7 9. Ng5+ Ke8 10. Qxg4 Qc8 11. Ne6 Nf6 12. Nxg7+ Bxg7 13. Qxg7 Rg8 14. Qh6 Qg4 15. g3 Rg6 16. Qf4 Qh3 17. Qf3 h5 18. Qg2 Qg4 19. h3 Qd7 20. Nd5 Nxd5 21. exd5 Ne5 22. f4 Nd3 23. f5 Rg7 24. Bh6 Rh7 25. Bg5 Qb5 26. f6 exf6 27. Bxf6 Qc5+ 28. Kh1 Qe3 29. Rf3 Qe4 30. Qf1 Rf7 31. Qxd3 Qxd3 32. Re1+ Kd7 33. Rxd3 Rxf6 34. Rde3 Raf8 35. Re7+ Kc8 36. Rc1+ Kb8 37. Re6 Rf2 38. Rxd6 Rxb2 39. Re6 Rff2 40. Re8+ Ka7 41. Rd1 Rh2+ 42. Kg1 Rbg2+ 43. Kf1 Rxa2 44. Kg1 Rag2+ 45. Kf1 Rxg3 46. Rde1 Rgxh3 47. d6 Rh1+ 48. Kf2 Rxe1 49. Kxe1 Rd3 50. Rd8 h4 51. Ke2 Rd5 52. Kf3 h3 53. Kg3 Rd3+ 54. Kh2 a5 55. d7 Kb6 56. Rh8 Rxd7 57. Rxh3 Rg7 0-1

[Event "British Columbia op"]
[Site "Richmond"]
[Date "2017.02.13"]
[Round "6.6"]
[White "Huang, Patrick"]
[Black "Richardson, Kai"]
[Result "0-1"]
[WhiteElo "1944"]
[BlackElo "2083"]
[PlyCount "82"]
[EventDate "2017.02.11"]
[EventType "swiss"]
[EventRounds "6"]
[EventCountry "CAN"]
[SourceTitle "EXT 2022"]
[Source "ChessBase"]
[SourceDate "2021.10.06"]
[SourceVersion "1"]
[SourceVersionDate "2021.10.06"]
[SourceQuality "1"]

1. e4 e6 2. Qe2 c5 3. f4 Nc6 4. Nf3 a6 5. g3 d6 6. Bg2 Nf6 7. d3 Be7 8. 0-0 Qc7 9. b3 Nd4 10. Qd1 Bd7 11. h3 Nxf3+ 12. Qxf3 0-0-0 13. Bb2 Bc6 14. Nd2 Rhg8 15. Qe2 g6 16. a4 Nh5 17. Kh2 d5 18. Be5 Bd6 19. Bxd6 Qxd6 20. e5 Qc7 21. c4 Ng7 22. cxd5 exd5 23. Rac1 Ne6 24. h4 Kb8 25. Qf2 Qb6 26. Rb1 Qb4 27. Nf3 h6 28. Rfc1 g5 29. fxg5 hxg5 30. Nxg5 Nxg5 31. hxg5 Rxg5 32. Rxc5 Rh8+ 33. Kg1 Rhg8 34. Rc2 Rxg3 35. Qf5 d4 36. Qxf7 Rxg2+ 37. Rxg2 Rxg2+ 38. Kf1 Qd2 39. Qf8+ Ka7 40. Qc5+ b6 41. Qe7+ Bb7 0-1

[Event "Canadian op"]
[Site "Windsor"]
[Date "2016.07.17"]
[Round "9"]
[White "Huang, Patrick"]
[Black "Profit, Brian"]
[Result "1/2-1/2"]
[WhiteElo "2049"]
[BlackElo "1896"]
[PlyCount "34"]
[EventDate "2016.07.10"]
[EventType "swiss"]
[EventRounds "9"]
[EventCountry "CAN"]
[SourceTitle "EXT 2017"]
[Source "ChessBase"]
[SourceDate "2016.10.25"]
[SourceVersion "1"]
[SourceVersionDate "2016.10.25"]
[SourceQuality "1"]

1. e4 e6 2. Qe2 c5 3. f4 Nc6 4. Nf3 Nf6 5. d3 Be7 6. g3 0-0 7. Bg2 d5 8. 0-0 b5 9. e5 Nd7 10. a4 bxa4 11. Rxa4 Nb6 12. Ra1 f5 13. exf6 Bxf6 14. Ne5 Bxe5 15. fxe5 Rxf1+ 16. Kxf1 Qf8+ 17. Kg1 Qf5 1/2-1/2

[Event "Canadian op"]
[Site "Windsor"]
[Date "2016.07.14"]
[Round "5"]
[White "Huang, Patrick"]
[Black "Doknjas, Joshua"]
[Result "0-1"]
[WhiteElo "2049"]
[BlackElo "2131"]
[PlyCount "140"]
[EventDate "2016.07.10"]
[EventType "swiss"]
[EventRounds "9"]
[EventCountry "CAN"]
[SourceTitle "EXT 2017"]
[Source "ChessBase"]
[SourceDate "2016.10.25"]
[SourceVersion "1"]
[SourceVersionDate "2016.10.25"]
[SourceQuality "1"]

1. e4 c5 2. Nf3 d6 3. d4 cxd4 4. Nxd4 Nf6 5. Nc3 a6 6. Be2 e5 7. Nb3 Be7 8. 0-0 0-0 9. Kh1 b6 10. Be3 Bb7 11. f3 b5 12. Qe1 Nbd7 13. a3 Rc8 14. Rd1 Qc7 15. Qf2 h6 16. Rd2 Rfd8 17. Rfd1 Bc6 18. Nd5 Nxd5 19. exd5 Ba8 20. Qg3 Kf8 21. f4 Nf6 22. Bf3 e4 23. Bg4 Nxg4 24. Qxg4 Qd7 25. f5 Bf6 26. Qxe4 Re8 27. Qf3 Bxb2 28. Bd4 Bxd4 29. Nxd4 Qe7 30. Rf1 Qf6 31. Rdd1 Rc5 32. Qg4 Bxd5 33. Qg3 Kg8 34. Nb3 Rc3 35. Qf4 Bc4 36. Rxd6 Qg5 37. Qxg5 hxg5 38. Rfd1 Rxc2 39. Nd4 Rc3 40. Rxa6 Rd3 41. Rc1 Rxd4 42. h3 Rf4 43. a4 Rxf5 44. axb5 Bxb5 45. Ra2 Bd7 46. Rd2 Be6 47. Kh2 Kh7 48. Kg3 Rd5 49. Rf2 Red8 50. Rcc2 Rf5 51. Rfe2 Rdd5 52. Rb2 Rd4 53. Rbc2 Rf6 54. Rb2 Rh6 55. Re3 Bf5 56. Rf2 Bg6 57. Kh2 g4 58. Kg3 gxh3 59. gxh3 Rh5 60. Ref3 Rdd5 61. h4 Rd4 62. Rf4 Rxf4 63. Rxf4 Rf5 64. Rb4 Bh5 65. Rd4 Rf3+ 66. Kg2 Kh6 67. Rd6+ g6 68. Rd5 Rf4 69. Kg3 Rg4+ 70. Kh3 f5 0-1

[Event "Canadian op"]
[Site "Windsor"]
[Date "2016.07.10"]
[Round "1"]
[White "Huang, Patrick"]
[Black "Sohal, Tanraj"]
[Result "0-1"]
[WhiteElo "2049"]
[BlackElo "2334"]
[PlyCount "144"]
[EventDate "2016.07.10"]
[EventType "swiss"]
[EventRounds "9"]
[EventCountry "CAN"]
[SourceTitle "EXT 2017"]
[Source "ChessBase"]
[SourceDate "2016.10.25"]
[SourceVersion "1"]
[SourceVersionDate "2016.10.25"]
[SourceQuality "1"]

1. e4 c5 2. Nf3 e6 3. d4 cxd4 4. Nxd4 Nf6 5. Nc3 Nc6 6. Be2 Bb4 7. Bf3 Qa5 8. Nxc6 Bxc3+ 9. bxc3 dxc6 10. Qd6 Nd7 11. Bb2 Qe5 12. Qxe5 Nxe5 13. Be2 f6 14. f4 Nf7 15. 0-0 0-0 16. Rad1 Re8 17. a4 b6 18. Bc4 c5 19. Bb5 Re7 20. Bc6 Bb7 21. Bxb7 Rxb7 22. c4 Kf8 23. g4 Rd8 24. Rxd8+ Nxd8 25. g5 Kf7 26. gxf6 gxf6 27. Rd1 Nc6 28. Bc3 Ke7 29. Kf2 e5 30. fxe5 fxe5 31. Rg1 Ke6 32. Ke3 Rf7 33. Ke2 Rf4 34. Ke3 Nd4 35. Bxd4 cxd4+ 36. Kd3 Rf3+ 37. Kd2 Kf6 38. a5 Rh3 39. axb6 Rxh2+ 40. Kd3 Rh3+ 41. Kd2 axb6 42. Rb1 Rc3 43. Rxb6+ Kg5 44. Re6 Kf4 45. Rh6 Rxc4 46. Rh4+ Kf3 47. Rxh7 Kxe4 48. Re7 Rc3 49. Rh7 Rg3 50. Rh4+ Kd5 51. Rh5 Rf3 52. Ke2 Re3+ 53. Kd2 Rg3 54. Ke2 Ke4 55. Rh4+ Kf5 56. Rh5+ Kf4 57. Rh4+ Rg4 58. Rh8 e4 59. Rf8+ Ke5 60. Re8+ Kf6 61. Rd8 Rg2+ 62. Kd1 Ke5 63. Ra8 Kf4 64. Ra4 Ke3 65. Ra3+ d3 66. cxd3 exd3 67. Kc1 Rg1+ 68. Kb2 Ke2 69. Ra8 d2 70. Re8+ Kf3 71. Rf8+ Ke4 72. Re8+ Kf5 0-1